000 00385 a2200181 4500
001 126597
020 _a9788547200848
040 _cEscola Canadense de Niteroi
100 _aIsabel Rebelo Roque
245 1 0 _aJornadas. Cie 6
250 _a3 ed
260 _aSão Paulo
300 _a368 p.
_bil.
362 0 _a2016
490 0 _aJornadas
650 4 _aCiências
942 _cBK
999 _c126597
_d126597